[Event "ODJM A 2025"]
[Site "Willingen GER"]
[Date "2025.06.08"]
[Round "1"]
[White "Groessing, Daniel-Yosuke"]
[Black "Andresen, Eric"]
[Result "0-1"]
[Termination "normal"]
[Board "32"]
[WhiteElo "1974"]
[BlackElo "1889"]
[WhiteClock "00:48:56"]
[BlackClock "00:17:28"]
[PlyCount "110"]
[WhiteFideId "1682237"]
[BlackFideId "34641360"]
[EventCountry "GER"]
[EventRounds "9"]
[EventType "swiss"]
[EventDate "2025.06.07"]

1. d4 {[%clk 01:30:56]} {[%emt 00:00:03]} Nf6 {[%clk 01:30:48]} {[%emt
00:00:12]} 2. c4 {[%clk 01:31:22]} {[%emt 00:00:04]} e6 {[%clk 01:31:14]}
{[%emt 00:00:05]} 3. Nf3 {[%clk 01:31:46]} {[%emt 00:00:05]} d5 {[%clk
01:31:37]} {[%emt 00:00:07]} 4. Nc3 {[%clk 01:32:02]} {[%emt 00:00:13]} c5
{[%clk 01:32:00]} {[%emt 00:00:08]} 5. cxd5 {[%clk 01:32:00]} {[%emt 00:00:32]}
Nxd5 {[%clk 01:32:22]} {[%emt 00:00:08]} 6. e4 {[%clk 01:32:06]} {[%emt
00:00:24]} Nxc3 {[%clk 01:32:45]} {[%emt 00:00:07]} 7. bxc3 {[%clk 01:32:33]}
{[%emt 00:00:02]} cxd4 {[%clk 01:33:05]} {[%emt 00:00:11]} 8. cxd4 {[%clk
01:32:51]} {[%emt 00:00:10]} Bb4+ {[%clk 01:33:31]} {[%emt 00:00:06]} 9. Bd2
{[%clk 01:33:16]} {[%emt 00:00:04]} Bxd2+ {[%clk 01:33:57]} {[%emt 00:00:05]}
10. Qxd2 {[%clk 01:33:41]} {[%emt 00:00:03]} O-O {[%clk 01:34:16]} {[%emt
00:00:11]} 11. Bc4 {[%clk 01:33:58]} {[%emt 00:00:14]} Nd7 {[%clk 01:34:06]}
{[%emt 00:00:40]} 12. O-O {[%clk 01:34:12]} {[%emt 00:00:16]} b6 {[%clk
01:34:30]} {[%emt 00:00:07]} 13. Rfe1 {[%clk 01:34:29]} {[%emt 00:00:12]} Bb7
{[%clk 01:34:09]} {[%emt 00:00:51]} 14. Rad1 {[%clk 01:34:43]} {[%emt
00:00:16]} Rc8 {[%clk 01:33:02]} {[%emt 00:01:37]} 15. Bb3 {[%clk 01:35:07]}
{[%emt 00:00:06]} h6 {[%clk 01:24:00]} {[%emt 00:09:32]} 16. Qf4 {[%clk
01:22:59]} {[%emt 00:12:37]} Qf6 {[%clk 01:04:07]} {[%emt 00:20:24]} 17. Qxf6
{[%clk 01:12:59]} {[%emt 00:12:10]} Nxf6 {[%clk 01:03:57]} {[%emt 00:00:05]}
18. d5 {[%clk 01:13:13]} {[%emt 00:00:02]} exd5 {[%clk 01:01:01]} {[%emt
00:02:35]} 19. exd5 {[%clk 01:13:32]} {[%emt 00:00:11]} Rfe8 {[%clk 00:50:39]}
{[%emt 00:10:52]} 20. Ne5 {[%clk 01:07:46]} {[%emt 00:06:16]} Rc5 {[%clk
00:44:02]} {[%emt 00:07:08]} 21. Nd3 {[%clk 01:00:50]} {[%emt 00:07:25]} Rxe1+
{[%clk 00:43:49]} {[%emt 00:00:44]} 22. Rxe1 {[%clk 01:00:37]} {[%emt
00:00:43]} Rc3 {[%clk 00:43:20]} {[%emt 00:00:59]} 23. Nb4 {[%clk 00:51:21]}
{[%emt 00:09:46]} a5 {[%clk 00:38:15]} {[%emt 00:05:35]} 24. Nc6 {[%clk
00:51:29]} {[%emt 00:00:21]} Bxc6 {[%clk 00:36:36]} {[%emt 00:02:09]} 25. dxc6
{[%clk 00:51:55]} {[%emt 00:00:04]} Rxc6 {[%clk 00:37:02]} {[%emt 00:00:04]}
26. f3 {[%clk 00:51:51]} {[%emt 00:00:34]} Kf8 {[%clk 00:29:28]} {[%emt
00:08:04]} 27. Kf2 {[%clk 00:49:55]} {[%emt 00:02:25]} Rc5 {[%clk 00:23:39]}
{[%emt 00:06:21]} 28. Re2 {[%clk 00:42:20]} {[%emt 00:08:05]} b5 {[%clk
00:20:23]} {[%emt 00:03:45]} 29. Rc2 {[%clk 00:40:07]} {[%emt 00:02:42]} Rxc2+
{[%clk 00:19:12]} {[%emt 00:01:43]} 30. Bxc2 {[%clk 00:40:34]} {[%emt
00:00:03]} Nd5 {[%clk 00:17:52]} {[%emt 00:01:50]} 31. a3 {[%clk 00:38:10]}
{[%emt 00:02:52]} Ke7 {[%clk 00:16:22]} {[%emt 00:02:01]} 32. Bd3 {[%clk
00:37:47]} {[%emt 00:00:53]} Nc7 {[%clk 00:14:02]} {[%emt 00:02:51]} 33. Ke3
{[%clk 00:36:44]} {[%emt 00:01:33]} Kd6 {[%clk 00:11:15]} {[%emt 00:03:15]} 34.
Kd4 {[%clk 00:36:02]} {[%emt 00:01:12]} Ne6+ {[%clk 00:11:20]} {[%emt
00:00:27]} 35. Kc3 {[%clk 00:36:27]} {[%emt 00:00:05]} Kc5 {[%clk 00:11:26]}
{[%emt 00:00:23]} 36. Bf1 {[%clk 00:33:09]} {[%emt 00:03:48]} Nf4 {[%clk
00:08:10]} {[%emt 00:03:47]} 37. g3 {[%clk 00:30:56]} {[%emt 00:02:42]} Nd5+
{[%clk 00:08:16]} {[%emt 00:00:24]} 38. Kb3 {[%clk 00:30:26]} {[%emt 00:00:59]}
Ne3 {[%clk 00:05:49]} {[%emt 00:02:58]} 39. Bd3 {[%clk 00:30:07]} {[%emt
00:00:48]} Nc4 {[%clk 00:03:19]} {[%emt 00:03:02]} 40. a4 {[%clk 00:24:59]}
{[%emt 00:05:38]} bxa4+ {[%clk 00:02:40]} {[%emt 00:01:09]} 41. Kc3 {[%clk
00:25:22]} {[%emt 00:00:06]} Ne3 {[%clk 00:02:02]} {[%emt 00:01:08]} 42. Be2
{[%clk 00:21:51]} {[%emt 00:04:01]} Nd5+ {[%clk 00:00:52]} {[%emt 00:01:40]}
43. Kb2 {[%clk 00:22:09]} {[%emt 00:00:12]} Kb4 {[%clk 00:00:43]} {[%emt
00:00:39]} 44. f4 {[%clk 00:22:16]} {[%emt 00:00:22]} a3+ {[%clk 00:27:41]}
{[%emt 00:03:33]} 45. Ka1 {[%clk 00:52:42]} {[%emt 00:00:05]} Nc3 {[%clk
00:25:57]} {[%emt 00:02:13]} 46. Bd3 {[%clk 00:51:55]} {[%emt 00:01:16]} Kc5
{[%clk 00:20:58]} {[%emt 00:05:30]} 47. g4 {[%clk 00:50:47]} {[%emt 00:01:39]}
Kd4 {[%clk 00:20:47]} {[%emt 00:00:41]} 48. Bh7 {[%clk 00:50:11]} {[%emt
00:01:05]} Ke3 {[%clk 00:19:55]} {[%emt 00:01:22]} 49. f5 {[%clk 00:50:06]}
{[%emt 00:00:35]} f6 {[%clk 00:19:37]} {[%emt 00:00:48]} 50. Bg6 {[%clk
00:48:46]} {[%emt 00:01:51]} Kf3 {[%clk 00:19:16]} {[%emt 00:00:49]} 51. Bh5
{[%clk 00:48:58]} {[%emt 00:00:19]} Kg2 {[%clk 00:19:29]} {[%emt 00:00:18]} 52.
h4 {[%clk 00:48:58]} {[%emt 00:00:29]} Kg3 {[%clk 00:19:30]} {[%emt 00:00:29]}
53. g5 {[%clk 00:48:48]} {[%emt 00:00:40]} hxg5 {[%clk 00:18:33]} {[%emt
00:01:27]} 54. hxg5 {[%clk 00:48:58]} {[%emt 00:00:21]} fxg5 {[%clk 00:17:48]}
{[%emt 00:01:14]} 55. Bg4 {[%clk 00:48:56]} {[%emt 00:00:32]} Nd5 {[%clk
00:17:28]} {[%emt 00:00:50]} 0-1

[Event "ODJM A 2025"]
[Site "Willingen GER"]
[Date "2025.06.08"]
[Round "1"]
[White "Werner, Florin"]
[Black "Hierl, Andreas"]
[Result "1-0"]
[Termination "normal"]
[Board "34"]
[WhiteElo "1970"]
[BlackElo "1767"]
[WhiteClock "00:15:44"]
[BlackClock "00:16:14"]
[PlyCount "163"]
[WhiteFideId "16250230"]
[BlackFideId "34660496"]
[EventCountry "GER"]
[EventRounds "9"]
[EventType "swiss"]
[EventDate "2025.06.07"]

1. e4 {[%clk 01:30:55]} {[%emt 00:00:04]} c6 {[%clk 01:30:55]} {[%emt
00:00:06]} 2. d4 {[%clk 01:31:01]} {[%emt 00:00:25]} d5 {[%clk 01:31:15]}
{[%emt 00:00:09]} 3. e5 {[%clk 01:30:54]} {[%emt 00:00:36]} Bf5 {[%clk
01:31:31]} {[%emt 00:00:15]} 4. h4 {[%clk 01:31:03]} {[%emt 00:00:21]} h5
{[%clk 01:31:48]} {[%emt 00:00:14]} 5. Bd3 {[%clk 01:31:26]} {[%emt 00:00:06]}
Bxd3 {[%clk 01:32:06]} {[%emt 00:00:11]} 6. Qxd3 {[%clk 01:31:51]} {[%emt
00:00:07]} Qa5+ {[%clk 01:32:21]} {[%emt 00:00:16]} 7. Nd2 {[%clk 01:32:09]}
{[%emt 00:00:10]} e6 {[%clk 01:32:17]} {[%emt 00:00:34]} 8. Ngf3 {[%clk
01:32:14]} {[%emt 00:00:25]} Nh6 {[%clk 01:31:56]} {[%emt 00:00:51]} 9. O-O
{[%clk 01:32:19]} {[%emt 00:00:24]} Nf5 {[%clk 01:31:32]} {[%emt 00:00:55]} 10.
Nb3 {[%clk 01:32:35]} {[%emt 00:00:14]} Qa6 {[%clk 01:31:28]} {[%emt 00:00:35]}
11. Qd1 {[%clk 01:32:55]} {[%emt 00:00:09]} Nd7 {[%clk 01:31:04]} {[%emt
00:00:54]} 12. Bg5 {[%clk 01:31:34]} {[%emt 00:01:51]} Be7 {[%clk 01:30:14]}
{[%emt 00:01:20]} 13. g3 {[%clk 01:28:31]} {[%emt 00:03:32]} O-O-O {[%clk
01:19:05]} {[%emt 00:11:40]} 14. c3 {[%clk 01:20:56]} {[%emt 00:08:05]} f6
{[%clk 01:13:28]} {[%emt 00:06:06]} 15. Bf4 {[%clk 01:21:03]} {[%emt 00:00:24]}
Rdg8 {[%clk 01:03:13]} {[%emt 00:10:45]} 16. exf6 gxf6 {[%clk 01:03:18]} 17.
Re1 {[%clk 01:18:57]} Nf8 {[%clk 01:02:34]} 18. Kh2 {[%clk 01:17:34]} {[%emt
00:00:07]} Rg4 {[%clk 00:54:12]} {[%emt 00:05:26]} 19. Qc2 {[%clk 01:09:31]}
{[%emt 00:08:33]} Nh6 {[%clk 00:33:34]} {[%emt 00:21:08]} 20. Kg2 {[%clk
00:40:56]} {[%emt 00:29:05]} Rxf4 {[%clk 00:24:37]} {[%emt 00:09:28]} 21. gxf4
{[%clk 00:38:41]} {[%emt 00:02:45]} Rg8+ {[%clk 00:24:42]} {[%emt 00:00:24]}
22. Kh1 {[%clk 00:34:37]} {[%emt 00:04:35]} Ng4 {[%clk 00:23:28]} {[%emt
00:01:44]} 23. f5 {[%clk 00:33:28]} {[%emt 00:01:39]} Bd6 {[%clk 00:19:15]}
{[%emt 00:04:42]} 24. fxe6 {[%clk 00:29:07]} {[%emt 00:04:52]} Qd3 {[%clk
00:13:37]} {[%emt 00:06:08]} 25. Qe2 {[%clk 00:27:41]} {[%emt 00:01:55]} Qxe2
{[%clk 00:12:17]} {[%emt 00:01:51]} 26. Rxe2 {[%clk 00:28:05]} {[%emt
00:00:06]} Nxe6 {[%clk 00:12:38]} {[%emt 00:00:10]} 27. Nc5 {[%clk 00:21:42]}
{[%emt 00:06:52]} Nf4 {[%clk 00:11:18]} 28. Rd2 {[%clk 00:20:52]} {[%emt
00:03:09]} b6 {[%clk 00:10:42]} 29. Nb3 {[%clk 00:20:18]} {[%emt 00:02:10]} Kd7
{[%clk 00:09:44]} 30. Rf1 {[%clk 00:17:08]} {[%emt 00:05:08]} Nh3 {[%clk
00:07:27]} {[%emt 00:02:47]} 31. a4 {[%clk 00:12:52]} {[%emt 00:04:47]} a5
{[%clk 00:06:25]} {[%emt 00:01:32]} 32. Na1 {[%clk 00:13:16]} {[%emt 00:00:06]}
Kc7 {[%clk 00:05:04]} {[%emt 00:01:51]} 33. Nc2 {[%clk 00:13:10]} {[%emt
00:00:36]} Nf4 {[%clk 00:05:09]} 34. Ne3 {[%clk 00:10:38]} {[%emt 00:03:26]}
Nh3 {[%clk 00:03:31]} {[%emt 00:02:09]} 35. Nf5 {[%clk 00:06:50]} {[%emt
00:04:17]} Bf4 {[%clk 00:02:44]} {[%emt 00:01:17]} 36. Re2 {[%clk 00:07:07]}
{[%emt 00:00:14]} b5 {[%clk 00:02:19]} {[%emt 00:00:55]} 37. Ng1 {[%clk
00:06:37]} {[%emt 00:00:59]} Nxg1 {[%clk 00:00:35]} {[%emt 00:02:14]} 38. Rxg1
{[%clk 00:06:59]} {[%emt 00:00:08]} bxa4 {[%clk 00:00:46]} {[%emt 00:00:19]}
39. f3 {[%clk 00:06:59]} {[%emt 00:00:29]} Nh6 {[%clk 00:00:58]} {[%emt
00:00:19]} 40. Rxg8 {[%clk 00:03:03]} {[%emt 00:04:27]} Nxg8 {[%clk 00:01:19]}
{[%emt 00:00:09]} 41. Kg2 {[%clk 00:02:02]} {[%emt 00:01:30]} Kb6 {[%clk
00:00:33]} {[%emt 00:01:17]} 42. Ng7 {[%clk 00:02:04]} {[%emt 00:00:27]} Nh6
{[%clk 00:28:54]} {[%emt 00:02:09]} 43. Nxh5 {[%clk 00:32:26]} {[%emt
00:00:07]} Bc1 {[%clk 00:29:12]} {[%emt 00:00:13]} 44. Rc2 {[%clk 00:32:47]}
{[%emt 00:00:09]} Be3 {[%clk 00:29:32]} {[%emt 00:00:09]} 45. f4 {[%clk
00:30:56]} {[%emt 00:02:23]} Nf5 {[%clk 00:29:30]} {[%emt 00:00:31]} 46. Re2
{[%clk 00:29:54]} {[%emt 00:01:33]} Bc1 {[%clk 00:29:30]} {[%emt 00:00:30]} 47.
Kf3 {[%clk 00:28:53]} {[%emt 00:01:30]} a3 {[%clk 00:29:00]} {[%emt 00:01:01]}
48. bxa3 {[%clk 00:29:17]} {[%emt 00:00:05]} Kb5 {[%clk 00:28:56]} {[%emt
00:00:35]} 49. Nxf6 {[%clk 00:29:38]} {[%emt 00:00:09]} Nxh4+ {[%clk 00:28:51]}
{[%emt 00:00:35]} 50. Kg4 {[%clk 00:29:40]} {[%emt 00:00:27]} Ng6 {[%clk
00:28:57]} {[%emt 00:00:24]} 51. f5 {[%clk 00:29:58]} {[%emt 00:00:13]} Nf8
{[%clk 00:29:09]} {[%emt 00:00:18]} 52. Re8 {[%clk 00:29:59]} {[%emt 00:00:29]}
Bxa3 {[%clk 00:29:19]} {[%emt 00:00:19]} 53. Rc8 {[%clk 00:29:42]} {[%emt
00:00:47]} a4 {[%clk 00:28:07]} {[%emt 00:01:43]} 54. Kf3 {[%clk 00:29:04]}
{[%emt 00:01:07]} Bd6 {[%clk 00:26:53]} {[%emt 00:01:44]} 55. Ke2 {[%clk
00:28:41]} {[%emt 00:00:53]} a3 {[%clk 00:23:02]} {[%emt 00:04:22]} 56. Kd3
{[%clk 00:28:31]} {[%emt 00:00:39]} Kb6 {[%clk 00:22:02]} {[%emt 00:01:30]} 57.
Kc2 {[%clk 00:27:49]} {[%emt 00:01:12]} Kb7 {[%clk 00:18:54]} {[%emt 00:03:39]}
58. Re8 {[%clk 00:28:08]} {[%emt 00:00:10]} Kc7 {[%clk 00:17:52]} {[%emt
00:01:32]} 59. Kb3 {[%clk 00:27:54]} {[%emt 00:00:45]} Kb7 {[%clk 00:16:36]}
{[%emt 00:01:45]} 60. Re1 {[%clk 00:27:22]} {[%emt 00:01:03]} c5 {[%clk
00:15:28]} {[%emt 00:01:39]} 61. dxc5 {[%clk 00:26:15]} {[%emt 00:01:36]} Bxc5
{[%clk 00:15:41]} {[%emt 00:00:16]} 62. Nxd5 {[%clk 00:23:25]} {[%emt
00:03:21]} Kc6 {[%clk 00:15:51]} {[%emt 00:00:20]} 63. Nb4+ {[%clk 00:21:49]}
{[%emt 00:02:05]} Kb5 {[%clk 00:16:01]} {[%emt 00:00:21]} 64. f6 {[%clk
00:19:22]} {[%emt 00:02:56]} Bd6 {[%clk 00:15:01]} {[%emt 00:01:30]} 65. Re8
{[%clk 00:16:36]} {[%emt 00:03:15]} Bc5 {[%clk 00:14:17]} {[%emt 00:01:14]} 66.
Rb8+ {[%clk 00:16:10]} {[%emt 00:00:57]} Ka5 {[%clk 00:14:07]} {[%emt
00:00:40]} 67. Kc4 {[%clk 00:15:42]} {[%emt 00:00:58]} Nd7 {[%clk 00:13:33]}
{[%emt 00:01:04]} 68. Ra8+ {[%clk 00:14:32]} {[%emt 00:01:40]} Kb6 {[%clk
00:13:53]} {[%emt 00:00:11]} 69. Rxa3 {[%clk 00:14:26]} {[%emt 00:00:35]} Bxb4
{[%clk 00:13:49]} {[%emt 00:00:35]} 70. Kxb4 {[%clk 00:14:35]} {[%emt
00:00:20]} Nxf6 {[%clk 00:14:10]} {[%emt 00:00:10]} 71. c4 {[%clk 00:14:59]}
{[%emt 00:00:05]} Nd7 {[%clk 00:14:24]} {[%emt 00:00:17]} 72. Rh3 {[%clk
00:15:11]} {[%emt 00:00:17]} Nb8 {[%clk 00:14:28]} {[%emt 00:00:26]} 73. c5+
{[%clk 00:15:28]} {[%emt 00:00:14]} Kc7 {[%clk 00:14:13]} {[%emt 00:00:45]} 74.
Kb5 {[%clk 00:15:47]} {[%emt 00:00:10]} Nd7 {[%clk 00:14:27]} {[%emt 00:00:16]}
75. Rh7 {[%clk 00:16:05]} {[%emt 00:00:12]} Kc8 {[%clk 00:14:56]} {[%emt
00:00:02]} 76. Kc6 {[%clk 00:14:27]} {[%emt 00:02:07]} Ne5+ {[%clk 00:15:03]}
{[%emt 00:00:23]} 77. Kd5 {[%clk 00:14:51]} {[%emt 00:00:06]} Nd7 {[%clk
00:15:20]} {[%emt 00:00:13]} 78. Kd6 {[%clk 00:15:12]} {[%emt 00:00:09]} Nf6
{[%clk 00:15:13]} {[%emt 00:00:37]} 79. Rh8+ {[%clk 00:15:32]} {[%emt
00:00:10]} Kb7 {[%clk 00:15:31]} {[%emt 00:00:13]} 80. c6+ {[%clk 00:15:48]}
{[%emt 00:00:12]} Kb6 {[%clk 00:15:50]} {[%emt 00:00:12]} 81. c7 {[%clk
00:15:23]} {[%emt 00:00:54]} Ne4 {[%clk 00:16:14]} {[%emt 00:00:07]} 82. Ke5
{[%clk 00:15:44]} {[%emt 00:00:09]} 1-0

[Event "ODJM A 2025"]
[Site "Willingen GER"]
[Date "2025.06.08"]
[Round "1"]
[White "Schulz, Tim"]
[Black "Seifert, Hendrik"]
[Result "1/2-1/2"]
[Termination "normal"]
[Board "36"]
[WhiteElo "1976"]
[BlackElo "1811"]
[WhiteClock "00:08:20"]
[BlackClock "00:08:24"]
[PlyCount "47"]
[WhiteFideId "34629165"]
[BlackFideId "16241193"]
[EventCountry "GER"]
[EventRounds "9"]
[EventType "swiss"]
[EventDate "2025.06.07"]

1. Nf3 {[%clk 01:30:46]} {[%emt 00:00:13]} d5 {[%clk 01:30:26]} {[%emt
00:00:26]} 2. b3 {[%clk 01:30:53]} {[%emt 00:00:32]} Nd7 {[%clk 01:23:35]}
{[%emt 00:07:21]} 3. Bb2 {[%clk 01:27:25]} {[%emt 00:03:58]} Ngf6 {[%clk
01:19:26]} {[%emt 00:04:39]} 4. e3 {[%clk 01:24:34]} {[%emt 00:03:21]} e6
{[%clk 01:17:39]} {[%emt 00:02:18]} 5. d4 {[%clk 01:18:44]} {[%emt 00:06:18]}
Bd6 {[%clk 01:17:40]} {[%emt 00:00:29]} 6. Nbd2 {[%clk 01:17:55]} {[%emt
00:01:20]} b6 {[%clk 01:16:25]} {[%emt 00:01:45]} 7. Bd3 {[%clk 01:11:37]}
{[%emt 00:06:48]} Bb7 {[%clk 01:16:20]} {[%emt 00:00:35]} 8. O-O {[%clk
01:11:20]} {[%emt 00:00:47]} O-O {[%clk 01:16:02]} {[%emt 00:00:48]} 9. Ne5
{[%clk 01:07:05]} {[%emt 00:04:45]} Ne4 {[%clk 01:09:25]} {[%emt 00:15:15]} 10.
c4 {[%clk 00:57:35]} {[%emt 00:01:52]} Nxd2 {[%clk 01:00:00]} {[%emt 00:09:55]}
11. Qxd2 {[%clk 00:54:28]} {[%emt 00:03:36]} f6 {[%clk 00:56:27]} {[%emt
00:04:03]} 12. Nxd7 {[%clk 00:47:28]} {[%emt 00:07:30]} Qxd7 {[%clk 00:56:36]}
{[%emt 00:00:21]} 13. Qc2 {[%clk 00:46:10]} {[%emt 00:01:47]} g6 {[%clk
00:48:25]} {[%emt 00:08:42]} 14. c5 {[%clk 00:37:10]} {[%emt 00:09:31]} Be7
{[%clk 00:33:32]} {[%emt 00:15:23]} 15. Bxg6 {[%clk 00:25:39]} {[%emt
00:12:00]} hxg6 {[%clk 00:33:26]} {[%emt 00:00:36]} 16. Qxg6+ {[%clk 00:26:04]}
{[%emt 00:00:06]} Kh8 {[%clk 00:33:50]} {[%emt 00:00:05]} 17. f4 {[%clk
00:26:05]} {[%emt 00:00:28]} Bd8 {[%clk 00:27:47]} {[%emt 00:06:35]} 18. Qh6+
{[%clk 00:20:03]} {[%emt 00:06:32]} Kg8 {[%clk 00:26:54]} {[%emt 00:01:22]} 19.
Rf3 {[%clk 00:17:15]} {[%emt 00:03:18]} Rf7 {[%clk 00:24:08]} {[%emt 00:03:16]}
20. c6 {[%clk 00:14:37]} {[%emt 00:03:08]} Bxc6 {[%clk 00:15:43]} {[%emt
00:08:55]} 21. Ba3 {[%clk 00:10:36]} {[%emt 00:04:31]} Rg7 {[%clk 00:10:53]}
{[%emt 00:05:20]} 22. Rh3 {[%clk 00:09:24]} {[%emt 00:01:41]} Be7 {[%clk
00:08:00]} {[%emt 00:03:24]} 23. Qh8+ {[%clk 00:08:28]} {[%emt 00:01:26]} Kf7
{[%clk 00:08:24]} {[%emt 00:00:06]} 24. Qh5+ {[%clk 00:08:20]} {[%emt
00:00:38]} 1/2-1/2

[Event "ODJM A 2025"]
[Site "Willingen GER"]
[Date "2025.06.08"]
[Round "1"]
[White "Meyer, Henry Paul"]
[Black "Walz, Fabian"]
[Result "1/2-1/2"]
[Termination "normal"]
[Board "37"]
[WhiteElo "1841"]
[BlackElo "1960"]
[WhiteClock "00:28:02"]
[BlackClock "00:35:43"]
[PlyCount "87"]
[WhiteFideId "34645802"]
[BlackFideId "34618520"]
[EventCountry "GER"]
[EventRounds "9"]
[EventType "swiss"]
[EventDate "2025.06.07"]

1. Nf3 {[%clk 01:30:56]} {[%emt 00:00:03]} Nf6 {[%clk 01:30:36]} {[%emt
00:00:23]} 2. g3 {[%clk 01:31:21]} {[%emt 00:00:06]} d5 {[%clk 01:30:44]}
{[%emt 00:00:22]} 3. Bg2 {[%clk 01:31:43]} {[%emt 00:00:07]} e6 {[%clk
01:30:33]} {[%emt 00:00:43]} 4. O-O {[%clk 01:31:40]} {[%emt 00:00:33]} Be7
{[%clk 01:30:56]} {[%emt 00:00:07]} 5. b3 {[%clk 01:30:53]} {[%emt 00:01:17]}
O-O {[%clk 01:31:01]} {[%emt 00:00:25]} 6. c4 {[%clk 01:29:18]} {[%emt
00:02:05]} c6 {[%clk 01:29:18]} {[%emt 00:02:13]} 7. Bb2 {[%clk 01:25:41]}
{[%emt 00:04:06]} b6 {[%clk 01:27:42]} {[%emt 00:02:07]} 8. d4 {[%clk
01:22:57]} {[%emt 00:03:14]} Bb7 {[%clk 01:28:03]} {[%emt 00:00:08]} 9. Ne5
{[%clk 01:18:57]} {[%emt 00:04:31]} Nbd7 {[%clk 01:24:30]} {[%emt 00:04:04]}
10. Nd2 {[%clk 01:16:05]} {[%emt 00:03:21]} Rc8 {[%clk 01:20:10]} {[%emt
00:04:50]} 11. Rc1 {[%clk 01:14:02]} {[%emt 00:02:34]} Bd6 {[%clk 01:17:10]}
{[%emt 00:03:29]} 12. e4 {[%clk 01:03:36]} {[%emt 00:10:56]} dxe4 {[%clk
01:07:30]} {[%emt 00:10:32]} 13. Nxe4 {[%clk 00:58:42]} {[%emt 00:05:03]} Nxe4
{[%clk 01:04:15]} {[%emt 00:03:44]} 14. Bxe4 {[%clk 00:58:15]} {[%emt
00:00:57]} Nf6 {[%clk 01:04:35]} {[%emt 00:00:09]} 15. Bg2 {[%clk 00:58:04]}
{[%emt 00:00:42]} Qc7 {[%clk 01:04:36]} {[%emt 00:00:29]} 16. Qe2 {[%clk
00:57:01]} {[%emt 00:01:32]} c5 {[%clk 00:51:05]} {[%emt 00:14:02]} 17. Bxb7
{[%clk 00:51:25]} {[%emt 00:06:08]} Qxb7 {[%clk 00:51:05]} {[%emt 00:00:29]}
18. Rfd1 {[%clk 00:49:53]} {[%emt 00:02:02]} Rfd8 {[%clk 00:35:23]} {[%emt
00:16:11]} 19. Rd3 {[%clk 00:31:43]} {[%emt 00:18:39]} cxd4 {[%clk 00:32:08]}
{[%emt 00:03:47]} 20. Rxd4 {[%clk 00:27:45]} {[%emt 00:04:28]} Bc5 {[%clk
00:28:39]} {[%emt 00:03:58]} 21. Rh4 {[%clk 00:21:55]} {[%emt 00:06:20]} Bf8
{[%clk 00:25:37]} {[%emt 00:03:32]} 22. Ng4 {[%clk 00:18:06]} {[%emt 00:04:19]}
Nxg4 {[%clk 00:25:16]} {[%emt 00:00:52]} 23. Rxg4 {[%clk 00:13:40]} {[%emt
00:04:55]} Qe7 {[%clk 00:24:41]} {[%emt 00:01:03]} 24. Qe5 {[%clk 00:11:23]}
{[%emt 00:02:49]} f5 {[%clk 00:20:10]} {[%emt 00:05:01]} 25. Rh4 {[%clk
00:09:08]} {[%emt 00:02:45]} Qf7 {[%clk 00:18:26]} {[%emt 00:02:13]} 26. Qc3
{[%clk 00:07:58]} {[%emt 00:01:40]} Be7 {[%clk 00:17:52]} {[%emt 00:01:04]} 27.
Rd4 {[%clk 00:07:26]} {[%emt 00:01:03]} Bc5 {[%clk 00:15:03]} {[%emt 00:03:20]}
28. Rd2 {[%clk 00:06:21]} {[%emt 00:01:33]} h5 {[%clk 00:12:28]} {[%emt
00:03:06]} 29. Rcd1 {[%clk 00:06:15]} {[%emt 00:00:35]} Rxd2 {[%clk 00:12:47]}
{[%emt 00:00:12]} 30. Rxd2 {[%clk 00:06:19]} {[%emt 00:00:26]} h4 {[%clk
00:12:34]} {[%emt 00:00:43]} 31. Qe5 {[%clk 00:04:28]} {[%emt 00:02:21]} Re8
{[%clk 00:11:21]} {[%emt 00:01:43]} 32. Bd4 {[%clk 00:03:25]} {[%emt 00:01:33]}
Be7 {[%clk 00:09:57]} {[%emt 00:01:53]} 33. Qf4 {[%clk 00:02:19]} {[%emt
00:01:37]} hxg3 {[%clk 00:08:04]} {[%emt 00:02:23]} 34. hxg3 {[%clk 00:02:26]}
{[%emt 00:00:23]} Qh5 {[%clk 00:08:04]} {[%emt 00:00:26]} 35. Be3 {[%clk
00:01:46]} {[%emt 00:01:13]} Bf6 {[%clk 00:05:25]} {[%emt 00:03:09]} 36. Kg2
{[%clk 00:01:18]} {[%emt 00:00:59]} e5 {[%clk 00:04:05]} {[%emt 00:01:50]} 37.
Qf3 {[%clk 00:01:24]} {[%emt 00:00:22]} Qxf3+ {[%clk 00:04:20]} {[%emt
00:00:17]} 38. Kxf3 {[%clk 00:01:52]} {[%emt 00:00:02]} Re7 {[%clk 00:04:40]}
{[%emt 00:00:10]} 39. Rd1 {[%clk 00:01:09]} {[%emt 00:01:14]} g5 {[%clk
00:04:52]} {[%emt 00:00:16]} 40. Bc1 {[%clk 00:00:44]} {[%emt 00:00:57]} g4+
{[%clk 00:04:55]} {[%emt 00:00:26]} 41. Ke2 {[%clk 00:00:38]} {[%emt 00:00:36]}
Kf7 {[%clk 00:05:11]} {[%emt 00:00:14]} 42. Ba3 {[%clk 00:28:35]} {[%emt
00:02:33]} Rb7 {[%clk 00:35:34]} {[%emt 00:00:07]} 43. Rd5 {[%clk 00:28:02]}
{[%emt 00:01:03]} Ke6 {[%clk 00:35:43]} {[%emt 00:00:20]} 44. Rd6+ {[%emt
00:01:41]} 1/2-1/2